000
00314nam a2200133Ia 4500
005
20260328101527.0
008
260328s9999||||xx |||||||||||||| ||und||
100
_a
Mehta, Hitesh
245
0
_a
Authentic Ecolodges /
_c
Hitesh Mehta
260
_b
Collins Design
300
_a
275 p.
650
_a
HOTELES
942
_c
BK
999
_c
9837
_d
9837